000 00449nam a2200181Ia 4500
001 16394
005 20260306170306.0
008 260306t1997||||xx |||||||||||||| ||und||
041 _aESP
082 _a348.55
_bR93
100 _aRuiz de Castilla y Ponce de León, Francisco J.
_eAUT
245 0 _aSoftware y tributación
260 _c1997
300 _a118 páginas :
_c18 cm.
650 _aGEN
654 _aCDE
942 _cLIB
_dJUS
_fJUS
_2ddc
_n
999 _c16394
_d16394